| 000 | 01666nam0a2200349 i 4500 | ||
|---|---|---|---|
| 001 | RU\NLR\BIBL_A\011558839 | ||
| 005 | 20260409072330.0 | ||
| 010 |
_a9785950056154 _9300 |
||
| 021 |
_aRU _b2017-89698 _96412 |
||
| 035 | _a(RuMoRGB)009463028 | ||
| 035 | _a(NLR Aleph) 011558839 | ||
| 090 |
_a12271408 _c12271408 |
||
| 100 | _a20171215d2017 km y0rusy50 ca | ||
| 101 | 0 | _arus | |
| 102 | _aRU | ||
| 105 | _ay|||z|||000zy | ||
| 200 | 1 |
_aПроектная деятельность как средство формирования целостной картины мира дошкольников _fЛ. В. Садертинова _gпод общей редакцией Л. Н. Прохоровой |
|
| 210 |
_aВладимир _cШерлок-пресс _d2017 |
||
| 215 |
_a121 с. _cтабл. _d20 |
||
| 320 | _aБиблиогр.: с. 121 (11 назв.) и в подстроч. примеч. | ||
| 606 | 1 |
_aДошкольные учреждения _xВоспитательная работа _xПроектов метод _92290561 _3RU\NLR\AUTH\6601599337 |
|
| 606 |
_aДошкольники _xОзнакомление с окружающей жизнью _91593269 _3RU\NLR\AUTH\66999152 |
||
| 610 | 0 | _aпроектная деятельность дошкольников | |
| 610 | 0 | _aокружающий мир для дошкольников | |
| 610 | 0 | _aкартина мира дошкольников | |
| 686 |
_aЧ411,6(2)387,0 _2rubbk |
||
| 686 | 1 | _aЧ411.38 | |
| 700 | 1 |
_aСадертинова _bЛ. В. _gЛюбовь Владимировна |
|
| 942 | _cBOOK | ||
| 980 | _aNBR | ||